000 00758nam a2200289Ia 4500
001 7746
005 20240113234032.0
007 ta
008 050712s2003 a g b000 u asm u
020 _cRs. 50.00 (PB)
040 _aCotton College Assam
041 _aasm
082 _a491.41
_bGo 69 As
100 _aGoswami, Golak Chandra .
245 0 _aAsamiya Byakaran Pravesh /
_cGolak Chandra Goswami.
_hTextual Documents
250 _a2nd ed. /
260 _aGuwahati :
_bBina Library ,
_c2003.
300 _a368p. :
_bill ;
_c22cm. .
365 _aRs. 50.00
653 _aAssamese Grammar
653 _aG-Languages
942 _2ddc
_cBK
999 _c7733
_d7733